[Event "MNT-chT"]
[Site "Ulcinj"]
[Date "2014.09.23"]
[Round "4.1"]
[White "Tadic, Branko"]
[Black "Miroshnichenko, Evgenij"]
[Result "1-0"]
[WhiteElo "2489"]
[BlackElo "2602"]
[PlyCount "77"]
[EventDate "2014.09.20"]
[EventType "team-tourn"]
[EventRounds "9"]
[EventCountry "MNE"]
[SourceTitle "CBM 162 Extra"]
[Source "ChessBase"]
[SourceDate "2014.10.17"]
[SourceVersion "1"]
[SourceVersionDate "2014.10.17"]
[SourceQuality "1"]
[WhiteTeam "Mladost"]
[BlackTeam "Elektroprivreda"]
[WhiteTeamCountry "MNE"]
[BlackTeamCountry "MNE"]

1. Nf3 d6 2. d4 g6 3. g3 Bg7 4. Bg2 Nd7 5. c4 e5 6. Nc3 Ne7 7. 0-0 0-0 8. e3 h6 9. b3 f5 10. Ba3 c5 11. dxe5 dxe5 12. e4 f4 13. Qd6 Rf6 14. Qd2 Nc6 15. Qd5+ Kh7 16. Bh3 Qa5 17. Qd3 Qxa3 18. Bxd7 Nb4 19. Qd2 Bxd7 20. Qxd7 fxg3 21. fxg3 Raf8 22. Qd1 Qb2 23. Qd2 Qc2 24. Qe3 Nc6 25. Nd5 R6f7 26. Rf2 Qxf2+ 27. Qxf2 Rxf3 28. Qxc5 R8f7 29. Kg2 Nd4 30. Rd1 Rf2+ 31. Kh1 Rb2 32. Ne3 Re2 33. Rf1 b6 34. Qd5 Rf3 35. Rxf3 Nxf3 36. Nf1 Rxa2 37. Qf7 Rf2 38. Qxa7 Nd4 39. Ne3 1-0

[Event "MNT-chT"]
[Site "Ulcinj"]
[Date "2014.09.22"]
[Round "3.1"]
[White "Miroshnichenko, Evgenij"]
[Black "Ivanisevic, Ivan"]
[Result "0-1"]
[WhiteElo "2602"]
[BlackElo "2610"]
[PlyCount "68"]
[EventDate "2014.09.20"]
[EventType "team-tourn"]
[EventRounds "9"]
[EventCountry "MNE"]
[SourceTitle "CBM 162 Extra"]
[Source "ChessBase"]
[SourceDate "2014.10.17"]
[SourceVersion "1"]
[SourceVersionDate "2014.10.17"]
[SourceQuality "1"]
[WhiteTeam "Elektroprivreda"]
[BlackTeam "Buducnost"]
[WhiteTeamCountry "MNE"]
[BlackTeamCountry "MNE"]

1. e4 c5 2. Nf3 Nc6 3. Bb5 g6 4. Bxc6 bxc6 5. 0-0 Bg7 6. Re1 Nf6 7. e5 Nd5 8. c4 Nc7 9. d4 cxd4 10. Qxd4 Ne6 11. Qh4 d6 12. Bh6 Bxe5 13. Nxe5 dxe5 14. Nc3 f6 15. Rad1 Qc7 16. f4 exf4 17. Rd2 Kf7 18. Rde2 Qb6+ 19. Kh1 f3 20. gxf3 Qc5 21. Ne4 Qf5 22. f4 Rd8 23. Ng3 Qd3 24. Ne4 Qf3+ 25. Kg1 Rd1 26. Rxd1 Qxe2 27. Re1 Nd4 28. Rxe2 Nf3+ 29. Kf2 Nxh4 30. Ng3 Be6 31. b3 Rd8 32. Ke3 Bf5 33. Kf2 Bg4 34. Rc2 Rd3 0-1

[Event "MNT-chT"]
[Site "Ulcinj"]
[Date "2014.09.21"]
[Round "2.1"]
[White "Damljanovic, Branko"]
[Black "Miroshnichenko, Evgenij"]
[Result "1-0"]
[WhiteElo "2539"]
[BlackElo "2602"]
[PlyCount "129"]
[EventDate "2014.09.20"]
[EventType "team-tourn"]
[EventRounds "9"]
[EventCountry "MNE"]
[SourceTitle "CBM 162 Extra"]
[Source "ChessBase"]
[SourceDate "2014.10.17"]
[SourceVersion "1"]
[SourceVersionDate "2014.10.17"]
[SourceQuality "1"]
[WhiteTeam "Rumija"]
[BlackTeam "Elektroprivreda"]
[WhiteTeamCountry "MNE"]
[BlackTeamCountry "MNE"]

1. c4 g6 2. d4 Bg7 3. e4 c5 4. d5 d6 5. Nc3 e6 6. Nf3 Ne7 7. Bd3 0-0 8. h3 a6 9. a4 Nd7 10. 0-0 e5 11. a5 f5 12. Bd2 Nf6 13. Re1 h6 14. Qb1 b5 15. axb6 Qxb6 16. Qc2 Rb8 17. Reb1 Qc7 18. Ra3 Kh8 19. Nh2 Nh5 20. Ne2 fxe4 21. Bxe4 Nf6 22. Ba5 Qd7 23. Nc3 Nf5 24. Qd1 Rb4 25. b3 Nh4 26. Ra2 Rb7 27. Qd3 g5 28. f3 Nh5 29. Ne2 Nxg2 30. Kxg2 Qxh3+ 31. Kh1 Rbf7 32. Rg1 Nf6 33. Rg3 Nxe4 34. Qxe4 Qh5 35. Bc3 Bf5 36. Qe3 Bh7 37. Ra1 Rf4 38. Rag1 Rh4 39. R1g2 Qg6 40. Ng1 Qb1 41. Rb2 Qd1 42. Kg2 Rb8 43. Nh3 Rxb3 44. Rxb3 Qxb3 45. Nxg5 Qc2+ 46. Bd2 Rd4 47. Nf7+ Kg8 48. Nxh6+ Kf8 49. Nf1 Rf4 50. Ng4 Qxc4 51. Nf2 Qxd5 52. Qa3 Rf7 53. Qxa6 Qe6 54. Qa8+ Qe8 55. Qd5 Rd7 56. Ne4 Qf7 57. Qa8+ Qe8 58. Qc6 Rd8 59. Qb6 Bxe4 60. fxe4 Bf6 61. Bh6+ Kf7 62. Ne3 Qa4 63. Qb7+ Qd7 64. Qb3+ Qe6 65. Nd5 1-0

[Event "TUR-chT"]
[Site "Kocaeli"]
[Date "2014.08.27"]
[Round "11.3"]
[White "Miroshnichenko, Evgenij"]
[Black "Guner, Sati Emre"]
[Result "1-0"]
[WhiteElo "2602"]
[BlackElo "2041"]
[PlyCount "77"]
[EventDate "2014.08.18"]
[EventType "team-tourn"]
[EventRounds "13"]
[EventCountry "TUR"]
[SourceTitle "CBM 162 Extra"]
[Source "ChessBase"]
[SourceDate "2014.10.17"]
[SourceVersion "1"]
[SourceVersionDate "2014.10.17"]
[SourceQuality "1"]
[WhiteTeam "Tarsus Zeka"]
[BlackTeam "Aliaga Genclik"]
[WhiteTeamCountry "TUR"]
[BlackTeamCountry "TUR"]

1. c4 e5 2. g3 Nf6 3. Bg2 c6 4. Nf3 e4 5. Nd4 d5 6. cxd5 Qxd5 7. e3 c5 8. Nc3 Qe5 9. f4 exf3 10. Nxf3 Qc7 11. 0-0 Be7 12. b3 0-0 13. Bb2 Nc6 14. Nh4 Bg4 15. Nd5 Bxd1 16. Nxc7 Rac8 17. Raxd1 Rxc7 18. Nf5 Bd8 19. g4 Ne8 20. Kf2 Nb4 21. Ke2 Bf6 22. Bxf6 Nxf6 23. g5 Ne8 24. Rc1 g6 25. Nh6+ Kg7 26. a3 Na6 27. Ng4 f5 28. Ne5 Re7 29. Nd3 b6 30. b4 cxb4 31. axb4 Nd6 32. Ra1 Nb8 33. Nf4 Nb5 34. Bd5 Rfe8 35. Rfc1 a6 36. Kf3 Rd7 37. h4 Re5 38. Rc8 Nc7 39. Nh5+ 1-0

[Event "TUR-chT"]
[Site "Kocaeli"]
[Date "2014.08.22"]
[Round "5.6"]
[White "Wei, Yi"]
[Black "Miroshnichenko, Evgenij"]
[Result "0-1"]
[WhiteElo "2638"]
[BlackElo "2602"]
[PlyCount "62"]
[EventDate "2014.08.18"]
[EventType "team-tourn"]
[EventRounds "13"]
[EventCountry "TUR"]
[SourceTitle "CBM 162 Extra"]
[Source "ChessBase"]
[SourceDate "2014.10.17"]
[SourceVersion "1"]
[SourceVersionDate "2014.10.17"]
[SourceQuality "1"]
[WhiteTeam "TS Alyans"]
[BlackTeam "Tarsus Zeka"]
[WhiteTeamCountry "TUR"]
[BlackTeamCountry "TUR"]

1. e4 d5 2. exd5 Qxd5 3. Nc3 Qd6 4. d4 Nf6 5. Nf3 g6 6. g3 Bg7 7. Bg2 Qa6 8. Bf4 c6 9. Qd2 0-0 10. 0-0-0 b5 11. a3 b4 12. axb4 Qa1+ 13. Nb1 a5 14. b5 cxb5 15. Ne1 Ra6 16. Bxb8 Be6 17. Be5 Ba2 18. Qc3 b4 19. Qc7 Qxb1+ 20. Kd2 Qxb2 21. Nd3 Qa3 22. Ra1 Ne8 23. Qc5 Nd6 24. Bxg7 Rc8 25. Qg5 Kxg7 26. Rhc1 Qc3+ 27. Ke2 Bc4 28. Kf1 b3 29. Kg1 Bxd3 30. cxb3 Qxd4 31. Qxe7 Rxc1+ 0-1

[Event "Minsk Bronstein Memorial op"]
[Site "Minsk"]
[Date "2014.02.12"]
[Round "2"]
[White "Hayrapetyan, Hovik"]
[Black "Miroshnichenko, Evgenij"]
[Result "1/2-1/2"]
[WhiteElo "2469"]
[BlackElo "2625"]
[PlyCount "86"]
[EventDate "2014.02.11"]
[EventType "swiss (rapid)"]
[EventRounds "9"]
[EventCountry "BLR"]
[SourceTitle "CBM 158 Extra"]
[Source "ChessBase"]
[SourceDate "2014.02.28"]
[SourceVersion "1"]
[SourceVersionDate "2014.02.28"]
[SourceQuality "1"]

1. d4 g6 2. c4 Bg7 3. Nc3 d6 4. Nf3 c5 5. d5 Bxc3+ 6. bxc3 f5 7. Bf4 Nf6 8. e3 Qa5 9. Qc2 Nbd7 10. Bd3 b5 11. cxb5 Nxd5 12. Bh6 e5 13. Rc1 Bb7 14. Nd2 N5f6 15. f3 d5 16. Nb3 Qd8 17. c4 Kf7 18. Bg5 d4 19. exd4 exd4 20. 0-0 Re8 21. a4 Qc7 22. Qd2 Re6 23. Rce1 Ne5 24. Re2 Rae8 25. Rfe1 Bc8 26. Bf4 Nh5 27. Bxe5 Rxe5 28. Rxe5 Rxe5 29. Rxe5 Qxe5 30. Qe2 Qd6 31. g3 Nf6 32. Kf2 Bb7 33. a5 Nd7 34. a6 Ba8 35. Nd2 Qc7 36. h3 Nf6 37. f4 Qa5 38. Nf3 Bxf3 39. Qxf3 Qd2+ 40. Kf1 Qc1+ 41. Kf2 Qd2+ 42. Kf1 Qc1+ 43. Kf2 Qd2+ 1/2-1/2

[Event "Al Ain op 2nd"]
[Site "Al Ain"]
[Date "2013.12.28"]
[Round "9"]
[White "Miroshnichenko, Evgenij"]
[Black "Andreev, Eduard"]
[Result "1-0"]
[WhiteElo "2626"]
[BlackElo "2508"]
[PlyCount "51"]
[EventDate "2013.12.19"]
[EventType "swiss"]
[EventRounds "9"]
[EventCountry "UAE"]
[SourceTitle "CBM 158 Extra"]
[Source "ChessBase"]
[SourceDate "2014.02.28"]
[SourceVersion "1"]
[SourceVersionDate "2014.02.28"]
[SourceQuality "1"]

1. d4 Nf6 2. Nf3 e6 3. c4 Bb4+ 4. Nbd2 0-0 5. a3 Be7 6. e4 d5 7. e5 Nfd7 8. Bd3 c5 9. h4 g6 10. h5 cxd4 11. cxd5 Nc5 12. Bb1 exd5 13. b4 Ne6 14. Nb3 Nc6 15. Qd2 Nxe5 16. Nxe5 Bg5 17. Qb2 Bxc1 18. Qxc1 Qf6 19. Nd3 Bd7 20. Qh6 Rfe8 21. hxg6 Ng5+ 22. Kf1 fxg6 23. f4 Nf7 24. Qxh7+ Kf8 25. Qh4 Qc6 26. Nxd4 1-0